Worked Examples in Engineering Science (Record no. 544867)

000 -LEADER
fixed length control field 00398nam a22001337a 4500
082 ## - DEWEY DECIMAL CLASSIFICATION NUMBER
Classification number 602
Author Mark COO
-- L-6, P-21
100 ## - MAIN ENTRY--PERSONAL NAME
Personal name Cooper, H. J
9 (RLIN) 40615
245 ## - TITLE STATEMENT
Title Worked Examples in Engineering Science
Statement of responsibility, etc. H. J, Cooper
260 ## - PUBLICATION, DISTRIBUTION, ETC.
Place of publication, distribution, etc. London :
Name of publisher, distributor, etc. The Camelot Press Ltd London,
Date of publication, distribution, etc. 1948.
300 ## - PHYSICAL DESCRIPTION
Extent 159p. :
Other physical details ill,;
Dimensions 10 cm.
526 ## - STUDY PROGRAM INFORMATION NOTE
Program name 0
Interest level 0
Reading level 0
Title point value 602_000000000000000_COO
650 ## - SUBJECT ADDED ENTRY--TOPICAL TERM
Topical term or geographic name entry element MCE
9 (RLIN) 379
942 ## - ADDED ENTRY ELEMENTS (KOHA)
Source of classification or shelving scheme
Koha item type Book
Holdings
Withdrawn status Lost status Source of classification or shelving scheme Damaged status Not for loan Permanent Location Current Location Date acquired Total Checkouts Full call number Barcode Date last seen Date last checked out Price effective from Koha item type
          Military College of Engineering (MCE) Military College of Engineering (MCE) 05/13/2014 1 602 COO MCE-40689 05/14/2014 05/14/2014 05/13/2014 Book
© 2023 Central Library, National University of Sciences and Technology. All Rights Reserved.